Queremos ser barrio : (Record no. 9880)
[ view plain ]
| 000 -CABECERA | |
|---|---|
| campo de control de longitud fija | 00907nam a2200289uu 4500 |
| 001 - NÚMERO DE CONTROL | |
| campo de control | 12360 |
| 003 - IDENTIFICADOR DEL NÚMERO DE CONTROL | |
| campo de control | arbaides |
| 005 - FECHA Y HORA DE LA ÚLTIMA TRANSACCIÓN | |
| campo de control | 20191213194301.0 |
| 008 - DATOS DE LONGITUD FIJA--INFORMACIÓN GENERAL | |
| campo de control de longitud fija | 040329 spa d |
| 040 ## - FUENTE DE LA CATALOGACIÓN | |
| Centro/agencia transcriptor | arbaides |
| 041 0# - CÓDIGO DE LENGUA | |
| Código de lengua del texto/banda sonora o título independiente | spa |
| 100 1# - ENTRADA PRINCIPAL--NOMBRE DE PERSONA | |
| Nombre de persona | Girola, Claudia M. |
| 9 (RLIN) | 10786 |
| 245 10 - MENCIÓN DE TÍTULO | |
| Título | Queremos ser barrio : |
| Resto del título | une metaphore identitaire : ethnographie de la dynamique identitaire d'un quartier peripherique de la ville de Lujan (Buenos Aires, Argentine) de 1987 a 1989 |
| 260 ## - PUBLICACIÓN, DISTRIBUCIÓN, ETC. | |
| Fecha de publicación, distribución, etc. | 1992. |
| 300 ## - DESCRIPCIÓN FÍSICA | |
| Extensión | 237 p. |
| 336 ## - TIPO DE CONTENIDO | |
| Término de tipo de contenido | Texto |
| Código de tipo de contenido | txt |
| Fuente | rdacontent |
| 337 ## - TIPO DE MEDIO | |
| Nombre/término del tipo de medio | sin mediación |
| Código del tipo de medio | n |
| Fuente | rdamedia |
| 338 ## - TIPO DE SOPORTE | |
| Nombre/término del tipo de soporte | Volumen |
| Código del tipo de soporte | nc |
| Fuente | rdacarrier |
| 650 #4 - PUNTO DE ACCESO ADICIONAL DE MATERIA--TÉRMINO DE MATERIA | |
| Término de materia o nombre geográfico como elemento de entrada | HISTORIA |
| 9 (RLIN) | 58 |
| Término de materia o nombre geográfico como elemento de entrada | ETNOGRAFIA |
| 9 (RLIN) | 148 |
| Término de materia o nombre geográfico como elemento de entrada | CONDICIONES ECONOMICAS |
| 9 (RLIN) | 3961 |
| Término de materia o nombre geográfico como elemento de entrada | CONDICIONES SOCIALES |
| 9 (RLIN) | 814 |
| Término de materia o nombre geográfico como elemento de entrada | TUGURIOS |
| 9 (RLIN) | 4144 |
| 651 #4 - PUNTO DE ACCESO ADICIONAL DE MATERIA--NOMBRE GEOGRÁFICO | |
| Nombre geográfico | ARGENTINA |
| 9 (RLIN) | 87 |
| Nombre geográfico | BUENOS AIRES |
| 9 (RLIN) | 327 |
| 942 ## - ELEMENTOS DE PUNTO DE ACCESO ADICIONAL (KOHA) | |
| Tipo de ítem Koha | DOCUMENTOS |
| Fuente del sistema de clasificación o colocación | Dewey Decimal Classification |
| Estado de retiro | Estado de pérdida | Fuente del sistema de clasificación o colocación | Estado dañado | No para préstamo | Código de colección | Localización permanente | Ubicación/localización actual | Fecha de adquisición | Número de inventario | Total de préstamos | Signatura topográfica completa | Código de barras | Fecha visto por última vez | Precio válido a partir de | Tipo de ítem Koha |
|---|---|---|---|---|---|---|---|---|---|---|---|---|---|---|---|
| Universal Decimal Classification | Colección de material repográfico de distinta índole | Biblioteca del IDES | Biblioteca del IDES | 2019-11-17 | 003729 | Reprografías 28 (572/G514q) | 008897 | 2019-11-17 | 2019-11-17 | DOCUMENTOS |
